[Event "TUR Cup"]
[Site "Antalya"]
[Date "2020.01.30"]
[Round "8"]
[White "Suvar, Necati"]
[Black "Ocal, Ozgur Can"]
[Result "1-0"]
[WhiteElo "1359"]
[BlackElo "1188"]
[PlyCount "71"]
[EventDate "2020.01.26"]
[EventType "swiss"]
[EventRounds "11"]
[EventCountry "TUR"]
[SourceTitle "CBM 194 Extra"]
[Source "ChessBase"]
[SourceDate "2020.03.31"]
[SourceVersion "1"]
[SourceVersionDate "2020.03.31"]
[SourceQuality "1"]

1. e4 g6 2. d4 Bg7 3. Nf3 c5 4. Nc3 Qa5 5. Be3 cxd4 6. Bxd4 Nf6 7. Qd2 d6 8. h3 0-0 9. Be2 Nc6 10. Be3 b6 11. 0-0 Qb4 12. Bh6 Bxh6 13. Qxh6 Qxb2 14. Nd5 Nxd5 15. exd5 Nd4 16. Nxd4 Qxd4 17. Rad1 Qg7 18. Qh4 Bd7 19. Qxe7 Bxh3 20. Qxd6 Rad8 21. Qa3 Qe5 22. Rfe1 Bd7 23. Ba6 Qc7 24. Bd3 Ra8 25. Qb2 Qd6 26. Bc4 h5 27. Qe5 Qc5 28. Bb3 Rfe8 29. Qf6 Rxe1+ 30. Rxe1 Re8 31. Rxe8+ Bxe8 32. Qd8 Kf8 33. Qb8 b5 34. Qe5 Bd7 35. Qf6 Qc8 36. d6 1-0